Prvé dopady pandémie Covid-19 na kultúru a kreatívny priemysel

Dopady súčasnej pandémie koronavírusu na oblasť kultúry a kreatívneho priemyslu. Aktuálna situácia kultúry a kreatívneho priemyslu v EÚ, prvé zmapované dopady na tržby. Typy prijatých opatrení naprieč jednotlivými krajinami a finančná pomoc Európskej únie. Situácia v kultúre a kreatívnom priemysle n...

Description complète

Enregistré dans:
Détails bibliographiques
Auteur principal: Baculáková, Kristína, 1988-
Format: Chapitre de livre
Langue:slovaque
Sujets:
Tags: Ajouter un tag
Pas de tags, Soyez le premier à ajouter un tag!

MARC

LEADER 00000naa$a2200000$$$4500
001 0271503
005 20240502074257.1
041 0 |a slo 
044 |a SK 
245 1 0 |a Prvé dopady pandémie Covid-19 na kultúru a kreatívny priemysel  |c Kristína Baculáková 
520 |a Dopady súčasnej pandémie koronavírusu na oblasť kultúry a kreatívneho priemyslu. Aktuálna situácia kultúry a kreatívneho priemyslu v EÚ, prvé zmapované dopady na tržby. Typy prijatých opatrení naprieč jednotlivými krajinami a finančná pomoc Európskej únie. Situácia v kultúre a kreatívnom priemysle na Slovensku. 
610 2 0 |a pandémia 
610 2 0 |a koronavírus 
610 2 0 |a opatrenia 
610 2 0 |a priemysel kreatívny 
610 2 0 |a kultúra 
100 1 |a Baculáková, Kristína, 1988-